Score 0/20 Timer 05:00
1 Play Today
% Correct
Agra - India
98.5%
Stonehenge - United Kingdom
95.2%
Giza - Egypt
91.5%
Great Wall - China
90.6%
Bryce Canyon - United States
89.9%
Athens - Greece
89.4%
Moscow - Russia
85.4%
Chichen Itza - Mexico
84.3%
Uluru - Australia
82.3%
Itsukushima - Japan
79.7%
% Correct
Panama Canal - Panama
78.6%
Neuschwanstein - Germany
78.3%
Toronto - Canada
78.2%
Machu Picchu - Peru
77.6%
Florence - Italy
75.8%
Rio de Janeiro - Brazil
73.3%
Mecca - Saudi Arabia
71.9%
Angkor Wat - Cambodia
65.7%
Petra - Jordan
65.4%
Prague - Czechia
56.7%
Remove Ads.
Support Sporcle.
Get the best of Sporcle when you Go Orange. This ad-free experience offers more features, more stats, and more fun while also helping to support Sporcle. Thank you for becoming a member.

You're not logged in!

Compare scores with friends on all Sporcle quizzes.
OR
Log In

Show Comments

Extras

Top Quizzes Today


Score Distribution

Your Account Isn't Verified!

In order to create a playlist on Sporcle, you need to verify the email address you used during registration. Go to your Sporcle Settings to finish the process.

Report this User

Report this user for behavior that violates our Community Guidelines.

Details: